| 000 | 00842nam a2200217 a 4500 | ||
|---|---|---|---|
| 001 | BRCA_2143 | ||
| 005 | 20190320203702.0 | ||
| 008 | 130808s1992----mx-a---###---#000-0#spa-# | ||
| 050 | 4 |
_aF1391.P8 _b.L43 89 _c1992 |
|
| 100 | 1 |
_aVázquez Benítez, José Alberto _9273 |
|
| 245 | 1 | 0 |
_aEl carnaval de Huejotzingo _cJosé Alberto Vázquez Benítez. |
| 260 |
_aPuebla, México _bGobierno del Estado de Puebla : Secretaría de Cultura : Comisión Puebla V Centenario _c1992 |
||
| 300 |
_a46 p. _bil. _c21 cm. |
||
| 440 | 0 |
_aLecturas Históricas de Puebla _n89 _96465 |
|
| 504 | _aBibliografía: p. 45-46 | ||
| 651 | 4 |
_aPuebla (México) _xHistoria _zHuejotzingo _96466 |
|
| 651 | 4 |
_aPuebla (México) _xVida social y costumbres _zHuejotzingo _96467 |
|
| 651 | 4 |
_aPuebla (México) _xCarnaval _zHuejotzingo _96468 |
|
| 653 | 0 | _aVida cotidiana | |
| 942 |
_2lcc _cB |
||
| 999 |
_c1900 _d1900 |
||